The religion of nature delineated : By Mr Wollaston. The seventh edition. To which is added, a preface containing a general account of the life, character, and writings of the author: also a translation of the notes into English.

Bibliographic Details
Main Author: Wollaston, William, 1660-1724
Format: eBook
Language:English
Series:Eighteenth century collections online.
Online Access:Full text online

MARC

Tag First Indicator Second Indicator Subfields
LEADER 00000cam a2200000 4500
001 in00001950331
006 m | d |
007 cr |n||||||||n
008 820313s1750 enk|||| s 00||||eng d
005 20260406222407.3
035 |a (CStRLIN)ESTCT138363 
040 |a Uk-ES  |c Uk-ES  |d CStRLIN  |d Thomson Gale  |d UtOrBLW 
100 1 |a Wollaston, William,  |d 1660-1724. 
245 1 4 |a The religion of nature delineated :  |b By Mr Wollaston. The seventh edition. To which is added, a preface containing a general account of the life, character, and writings of the author: also a translation of the notes into English. 
264 3 |a London :  |b printed for J. and P. Knapton,  |c 1750. 
300 |a xxx, 2 unnumbered pages, 413, 11 unnumbered pages, plate :  |b portrait ;  |c 8⁰. 
336 |a text  |b txt  |2 rdacontent 
337 |a computer  |b c  |2 rdamedia 
338 |a online resource  |b cr  |2 rdacarrier 
500 |a Sigs. F2, I1, N3 and N6 are cancels. 
500 |a With an index. 
500 |a Reproduction of original from the British Library. 
510 4 |a English Short Title Catalog,  |c ESTCT138363. 
533 |a Electronic reproduction.  |b Farmington Hills, Mich. :  |c Thomson Gale,  |d 2003.  |n Available via the World Wide Web.  |n Access limited by licensing agreements  |7 s2003 miunns 
500 |a Electronic resource. 
830 0 |a Eighteenth century collections online. 
856 4 0 |u http://proxy.library.tamu.edu/login?url=https://galenet.galegroup.com/servlet/ECCO?c=1&stp=Author&ste=11&af=BN&ae=T138363&tiPG=1&dd=0&dc=flc&docNum=CW122963745&vrsn=1.0&srchtp=a&d4=0.33&n=10&SU=0LRF&locID=txshracd2898  |z Full text online  |t 0 
999 |a MARS 
999 f f |s 57a4c382-1e7c-38e9-806c-c649b700c457  |i 28271859-3d65-3db1-aacb-a524c28e23ea  |t 0 
952 f f |a Texas A&M University  |b College Station  |c Electronic Resources  |s www_evans  |d Available Online  |t 0  |h No information provided 
998 f f |t 0  |l Available Online